000 00305nam a22001337a 4500
008 171102b xxu||||| |||| 00| 0 eng d
020 _a9781256171799
041 _aeng
080 _a33
100 _a59
101 _aBUS
245 _aPEARSON CUSTOM BUSINESS RESOURCE
_cOLIVER.J.M
942 _2udc
_cBK
999 _c37219
_d37219